[Event "AUT-ch"]
[Site "Linz"]
[Date "2011.07.26"]
[Round "4"]
[White "Hoelzl, Franz"]
[Black "Poetz, Florian"]
[Result "1/2-1/2"]
[WhiteElo "2349"]
[BlackElo "2416"]
[PlyCount "61"]
[EventDate "2011.07.23"]
[EventType "swiss"]
[EventRounds "9"]
[EventCountry "AUT"]
[SourceTitle "CBM 143 Extra"]
[Source "ChessBase"]
[SourceDate "2011.08.29"]
[SourceVersion "1"]
[SourceVersionDate "2011.08.29"]
[SourceQuality "1"]

1. d4 Nf6 2. Nf3 e6 3. g3 b5 4. Bg2 Bb7 5. 0-0 c5 6. Na3 Qb6 7. c4 b4 8. Nc2 Na6 9. b3 Be7 10. Bb2 0-0 11. Ne3 cxd4 12. Bxd4 Nc5 13. Qc2 Be4 14. Qb2 d6 15. Bh3 Rfe8 16. Rad1 a5 17. Nd2 Bc6 18. Ng4 Nxg4 19. Bxg4 Bf8 20. Bf3 Bxf3 21. Nxf3 a4 22. Qc2 axb3 23. axb3 h6 24. Ra1 Ra3 25. Bb2 Rxa1 26. Rxa1 Qb7 27. Bd4 Ra8 28. Rxa8 Qxa8 29. Nd2 Nd7 30. Qd3 Qa2 31. h3 1/2-1/2

[Event "AUT-ch"]
[Site "Linz"]
[Date "2011.07.24"]
[Round "2"]
[White "Hoelzl, Franz"]
[Black "Theuretzbacher, Klaus"]
[Result "1/2-1/2"]
[WhiteElo "2349"]
[BlackElo "2209"]
[PlyCount "92"]
[EventDate "2011.07.23"]
[EventType "swiss"]
[EventRounds "9"]
[EventCountry "AUT"]
[SourceTitle "CBM 143 Extra"]
[Source "ChessBase"]
[SourceDate "2011.08.29"]
[SourceVersion "1"]
[SourceVersionDate "2011.08.29"]
[SourceQuality "1"]

1. d4 Nf6 2. c4 e6 3. Nf3 b6 4. g3 Bb7 5. Bg2 Be7 6. 0-0 0-0 7. Re1 d5 8. Nc3 Nbd7 9. cxd5 exd5 10. Be3 Re8 11. Qa4 Bf8 12. Bh3 c6 13. Bg5 Be7 14. e3 h6 15. Bxf6 Nxf6 16. b4 Bd6 17. a3 Re7 18. Bg2 Qe8 19. Nh4 g6 20. Qb3 Rd8 21. Rad1 Kg7 22. a4 Ne4 23. Nxe4 dxe4 24. b5 Bb8 25. Bf1 Rd5 26. Rc1 Qd7 27. Qc3 cxb5 28. axb5 Rh5 29. Qa3 Bd6 30. Qxa7 g5 31. Qxb6 gxh4 32. Rc5 Rg5 33. Ra1 hxg3 34. hxg3 Bxc5 35. dxc5 Re6 36. c6 Bxc6 37. bxc6 Qd2 38. Bg2 Rgg6 39. Qb1 Rxc6 40. Bxe4 Rgf6 41. Qe1 Rcd6 42. Qxd2 Rxd2 43. Rf1 Re6 44. Bf3 Rb6 45. Kg2 Rbb2 46. g4 Kf6 1/2-1/2

[Event "EU-chT Seniors"]
[Site "Thessaloniki"]
[Date "2011.05.10"]
[Round "8"]
[White "James, Geoffrey H"]
[Black "Hoelzl, Franz"]
[Result "1/2-1/2"]
[WhiteElo "2207"]
[BlackElo "2342"]
[PlyCount "81"]
[EventDate "2011.05.03"]
[EventType "team-swiss"]
[EventRounds "9"]
[EventCountry "GRE"]
[SourceTitle "CBM 142 Extra"]
[Source "ChessBase"]
[SourceDate "2011.06.27"]
[SourceVersion "1"]
[SourceVersionDate "2011.06.27"]
[SourceQuality "1"]
[WhiteTeam "England"]
[BlackTeam "Austria"]
[WhiteTeamCountry "ENG"]
[BlackTeamCountry "AUT"]

1. e4 c5 2. Nf3 Nc6 3. Bb5 Nf6 4. Nc3 Qc7 5. 0-0 e6 6. Re1 a6 7. Bxc6 Qxc6 8. d4 Qc7 9. d5 e5 10. Bg5 d6 11. Bxf6 gxf6 12. Nh4 Bh6 13. Nf5 Bxf5 14. exf5 Ke7 15. Ne4 Qc8 16. Qh5 Qf8 17. Rad1 c4 18. a4 Rg8 19. b3 cxb3 20. cxb3 Qg7 21. g3 Rac8 22. Re2 Rc7 23. Nd2 Bxd2 24. Rdxd2 Rgc8 25. Qf3 Qh6 26. Qe4 Qf8 27. Rc2 Qd8 28. Rc4 Rxc4 29. bxc4 Qb6 30. Re1 Rc5 31. Rb1 Qc7 32. Kg2 b6 33. Qe3 a5 34. Qd3 Rxc4 35. Rxb6 Rxa4 36. Qb3 Qc4 37. Rb7+ Kf8 38. Rb8+ Kg7 39. Qxc4 Rxc4 40. Rd8 Rd4 41. Rxd6 1/2-1/2

[Event "EU-chT Seniors"]
[Site "Thessaloniki"]
[Date "2011.05.09"]
[Round "7"]
[White "Hoelzl, Franz"]
[Black "Sloth, Jorn"]
[Result "1/2-1/2"]
[WhiteElo "2342"]
[BlackElo "2310"]
[PlyCount "138"]
[EventDate "2011.05.03"]
[EventType "team-swiss"]
[EventRounds "9"]
[EventCountry "GRE"]
[SourceTitle "CBM 142 Extra"]
[Source "ChessBase"]
[SourceDate "2011.06.27"]
[SourceVersion "1"]
[SourceVersionDate "2011.06.27"]
[SourceQuality "1"]
[WhiteTeam "Austria"]
[BlackTeam "Denmark"]
[WhiteTeamCountry "AUT"]
[BlackTeamCountry "DEN"]

1. d4 e6 2. Nf3 Nf6 3. g3 b6 4. Bg2 Bb7 5. 0-0 c5 6. c4 cxd4 7. Qxd4 Nc6 8. Qf4 Na5 9. Rd1 Rc8 10. Ne5 d6 11. Bxb7 Nxb7 12. b3 Qc7 13. Ng4 Nxg4 14. Qxg4 h5 15. Qd4 h4 16. Nc3 hxg3 17. hxg3 Qc5 18. Qe4 Qc6 19. Bb2 Be7 20. Qxc6+ Rxc6 21. Nb5 a6 22. Nd4 Rc8 23. Nf3 Bf6 24. Bxf6 gxf6 25. Kg2 f5 26. Nd4 Ke7 27. Rh1 Na5 28. Kf3 Kf6 29. Ke3 Rcd8 30. Rac1 Rxh1 31. Rxh1 Rb8 32. f4 Rg8 33. Kf2 Nb7 34. Nf3 Nc5 35. Ng5 Ne4+ 36. Nxe4+ fxe4 37. Rd1 Ke7 38. a4 f5 39. Rh1 Kd7 40. Rh7+ Kc6 41. Re7 Rg6 42. b4 a5 43. b5+ Kc5 44. Rc7+ Kb4 45. Rc6 Kxa4 46. Rxb6 Kb4 47. Rxd6 a4 48. b6 Rg8 49. Rxe6 Rb8 50. g4 a3 51. Re7 Rxb6 52. Ra7 fxg4 53. Kg3 Kb3 54. Kxg4 Rc6 55. f5 a2 56. Kf4 Rxc4 57. Rxa2 Kxa2 58. f6 e3+ 59. Kxe3 Rc6 60. Kd4 Rxf6 61. e4 Kb3 62. e5 Rf1 63. e6 Kb4 64. Kd5 Rd1+ 65. Kc6 Re1 66. Kd6 Kb5 67. e7 Kb6 68. Kd7 Rd1+ 69. Ke6 Kc7 1/2-1/2

[Event "EU-chT Seniors"]
[Site "Thessaloniki"]
[Date "2011.05.08"]
[Round "6"]
[White "Hoelzl, Franz"]
[Black "Ashby, Anthony"]
[Result "1-0"]
[WhiteElo "2342"]
[BlackElo "2151"]
[PlyCount "39"]
[EventDate "2011.05.03"]
[EventType "team-swiss"]
[EventRounds "9"]
[EventCountry "GRE"]
[SourceTitle "CBM 142 Extra"]
[Source "ChessBase"]
[SourceDate "2011.06.27"]
[SourceVersion "1"]
[SourceVersionDate "2011.06.27"]
[SourceQuality "1"]
[WhiteTeam "Austria"]
[BlackTeam "England II"]
[WhiteTeamCountry "AUT"]
[BlackTeamCountry "ENG"]

1. d4 Nf6 2. Nf3 e6 3. c4 c5 4. d5 b5 5. dxe6 fxe6 6. cxb5 Bb7 7. Nc3 d5 8. g3 Bd6 9. Bh3 d4 10. Na4 Qe7 11. 0-0 0-0 12. b4 e5 13. bxc5 Bxc5 14. Nxc5 Qxc5 15. Qb3+ Bd5 16. Be6+ Bxe6 17. Qxe6+ Kh8 18. Nxe5 Qd5 19. Qxd5 Nxd5 20. Bb2 1-0

[Event "EU-chT Seniors"]
[Site "Thessaloniki"]
[Date "2011.05.06"]
[Round "4"]
[White "Hoelzl, Franz"]
[Black "Tsomis, Dimitrios"]
[Result "1-0"]
[WhiteElo "2342"]
[BlackElo "2187"]
[PlyCount "57"]
[EventDate "2011.05.03"]
[EventType "team-swiss"]
[EventRounds "9"]
[EventCountry "GRE"]
[SourceTitle "CBM 142 Extra"]
[Source "ChessBase"]
[SourceDate "2011.06.27"]
[SourceVersion "1"]
[SourceVersionDate "2011.06.27"]
[SourceQuality "1"]
[WhiteTeam "Austria"]
[BlackTeam "Greece"]
[WhiteTeamCountry "AUT"]
[BlackTeamCountry "GRE"]

1. d4 Nf6 2. Nf3 e6 3. g3 c5 4. Bg2 Nc6 5. 0-0 d5 6. c4 dxc4 7. Qa4 Bd7 8. dxc5 Bxc5 9. Qxc4 Qb6 10. Nc3 Be7 11. Be3 Qb4 12. Qxb4 Nxb4 13. Nd4 Nbd5 14. Nxd5 Nxd5 15. Bxd5 exd5 16. Rac1 Bd6 17. Bf4 Ke7 18. Rc3 Bxf4 19. gxf4 Rhc8 20. Rg3 g6 21. Rd1 Rc5 22. Kg2 Rac8 23. Ra3 a6 24. Rb3 R8c7 25. h4 h5 26. Kg3 Ra5 27. a3 Rac5 28. Rb6 f6 29. f3 1-0

[Event "AUT-chT 1011"]
[Site "Austria"]
[Date "2011.03.04"]
[Round "9.4"]
[White "Hoelzl, Franz"]
[Black "Schneider, Ilja"]
[Result "1/2-1/2"]
[WhiteElo "2336"]
[BlackElo "2511"]
[PlyCount "44"]
[EventDate "2010.11.19"]
[EventType "team-tourn"]
[EventRounds "11"]
[EventCountry "AUT"]
[SourceTitle "EXT 2012"]
[Source "ChessBase"]
[SourceDate "2011.11.24"]
[SourceVersion "1"]
[SourceVersionDate "2011.11.24"]
[SourceQuality "1"]
[WhiteTeam "St Veit"]
[BlackTeam "Wulkaprodersdorf"]
[WhiteTeamCountry "AUT"]
[BlackTeamCountry "AUT"]

1. d4 Nf6 2. c4 c6 3. Nf3 a6 4. e3 b5 5. Nbd2 d6 6. Qc2 g6 7. Bd3 Bg7 8. 0-0 0-0 9. b3 Nbd7 10. Bb2 Bb7 11. b4 bxc4 12. Bxc4 a5 13. bxa5 Qxa5 14. a4 c5 15. Nb3 Qa7 16. dxc5 Bxf3 17. gxf3 Nxc5 18. Nxc5 Qxc5 19. Qe2 Qh5 20. Ra2 Rfc8 21. Bxf6 Bxf6 22. f4 Rxc4 1/2-1/2